Objavné cesty staroveku /

Gespeichert in:
Bibliographische Detailangaben
1. Verfasser: Habaj, Michal (Verfasst von)
Weitere Verfasser: Furmánek, Václav (Rezension), Hulínek, Drahoslav (Rezension)
Format: Buch
Sprache:Slowakisch
Veröffentlicht: Bratislava : Perfekt, a.s., 2017
Ausgabe:1. vydanie
Schlagworte:
Tags: Tag hinzufügen
Keine Tags, Fügen Sie das erste Tag hinzu!

MARC

LEADER 00000nam a22000003a 4500
001 0089586
003 SK-STU
005 20210719155643.7
007 ta
008 210719s ----xo-----e------000-0-----d
020 |a 978-80-8046-828-6 
040 |a STU  |b slo 
041 0 |a slo 
044 |a xo 
100 1 |a Habaj, Michal  |4 aut 
245 1 0 |a Objavné cesty staroveku /  |c aut. Michal Habaj ; rec. Václav Furmánek, Drahoslav Hulínek 
250 |a 1. vydanie 
260 |a Bratislava :  |b Perfekt, a.s.,  |c 2017 
300 |a 192 s. 
650 0 7 |a dejiny 
650 0 7 |a staroveké dejiny 
650 0 7 |a technológie staroveku 
650 0 7 |a Grécko 
650 0 7 |a Rím 
650 0 7 |a Afrika 
650 0 7 |a Európa 
650 0 7 |a Ázia 
700 1 |a Furmánek, Václav  |4 rev 
700 1 |a Hulínek, Drahoslav  |4 rev 
996 |b 284AU08905  |c A* 12185/U  |l AAKNST  |s P  |a 0  |w 0089586_0001 
996 |b 284AU08906  |c A* 12186/U  |l AAKNAR  |s A  |a 24  |w 0089586_0002